000 00956nam a22002297a 4500
005 20250725125331.0
008 250725b |||||||| |||| 00| 0 eng d
020 _a978-93-90827-85-5 (hbk)
037 _cTB
040 _aCRL
_cCRL
041 _2hin
_ahin
084 _a4mN22 152R1
_qसीआरएल
245 _aभ्रमर पत्रिका का शताब्दी वर्ष:
_bसन 1922 से 1929 ई.
260 _aजयपुर, भारत:
_c2021.
300 _a392पृ.
365 _b400.00
_cINR
650 _aपत्रकारिता
650 _aललित कला
_9816545
700 _aशर्मा, हरिशंकर
_eसंपादक
_9816546
942 _2CC
_cTB
_h4mN22 152R1
_n0
999 _c1434296
_d1434296